[Event "TCh-POL Ekstraliga"]
[Site "Wroclaw POL"]
[Date "2011.05.06"]
[Round "1.1"]
[White "Miton,K"]
[Black "Mastrovasilis,D"]
[Result "1-0"]
[WhiteElo "2619"]
[BlackElo "2601"]

1.d4 d5 2.c4 c6 3.Nc3 Nf6 4.e3 e6 5.Nf3 Nbd7 6.Qc2 Bd6 7.Be2 O-O 8.O-O Re8
9.Rd1 b6 10.e4 Nxe4 11.Nxe4 dxe4 12.Qxe4 Qc7 13.Be3 Ba6 14.Qc2 Bf8 15.g3 Rad8
16.Bf4 Qc8 17.a3 Bb7 18.b4 c5 19.dxc5 bxc5 20.b5 e5 21.Bg5 f6 22.Be3 e4 23.Ne1 Ne5
24.Rxd8 Rxd8 25.Rd1 Re8 26.a4 a5 27.Qc3 Qc7 28.Bd2 Ra8 29.Bf4 Re8 30.Bd2 Ra8
31.Bf4 Re8 32.Nc2 Bd6 33.Qd2 Nf3+ 34.Bxf3 Bxf4 35.Qxf4 Qxf4 36.gxf4 exf3
37.Ne3 Be4 38.Kf1 Kf7 39.Rd7+ Ke6 40.Ra7 Rd8 41.Ra6+ Ke7 42.f5 Rd4 43.Ke1 Kd8
44.Rxa5 Rd3 45.b6 Ra3 46.Rxc5 Ra2 47.a5 g6 48.fxg6 hxg6 49.Nd5 Re2+ 50.Kd1  1-0

[Event "ch-CAN"]
[Site "Guelph CAN"]
[Date "2011.05.07"]
[Round "2"]
[White "Upper,J"]
[Black "Djerkovic,M"]
[Result "0-1"]
[WhiteElo "1987"]
[BlackElo "2186"]

1.Nf3 Nf6 2.d4 e6 3.c4 d5 4.Nc3 c6 5.e3 a6 6.b3 Bb4 7.Bd2 Nbd7 8.Be2 O-O
9.O-O Bd6 10.Qc2 e5 11.dxe5 Nxe5 12.cxd5 cxd5 13.Rad1 Qc7 14.Nxe5 Bxe5 15.f4 Bd6
16.Qd3 Rd8 17.Be1 Bb4 18.a3 Bf5 19.Qxf5 Bxc3 20.Bh4 Qb6 21.Rf3 Re8 22.Qd3 Rac8
23.Rh3 h6 24.g4 d4 25.g5 Nd5 26.Qf5 Nxe3 27.Rxe3 dxe3 28.Rd7 Qe6 29.Qxe6 Rxe6
30.Rxb7 hxg5 31.fxg5 Bb2 32.Bg4 Rc1+ 33.Kg2 Re8 34.g6 fxg6 35.Be7 Bf6 36.Bxf6 gxf6
37.Be2 f5 38.Ra7 Rc2 39.Kf3 g5  0-1

[Event "ch-CAN"]
[Site "Guelph CAN"]
[Date "2011.05.07"]
[Round "2"]
[White "Humphreys,M"]
[Black "Sapozhnikov,R"]
[Result "1-0"]
[WhiteElo "2091"]
[BlackElo "2318"]

1.Nf3 d5 2.d4 c6 3.c4 e6 4.e3 Nf6 5.Nc3 Nbd7 6.Bd3 Bd6 7.e4 dxc4 8.Bxc4 b5
9.Be2 e5 10.dxe5 Nxe5 11.Nxe5 Bxe5 12.Qxd8+ Kxd8 13.f3 Be6 14.Be3 Kc7 15.O-O Rhd8
16.Rfc1 Kb7 17.Rc2 a5 18.Nd1 a4 19.f4 Bd4 20.f5 Bb3 21.axb3 axb3 22.Rcc1 Rxa1
23.Rxa1 Nxe4 24.Bxd4 Rxd4 25.Rc1 Rd2 26.Kf1 Rc2 27.Ra1 Nc5 28.Rb1 Na4 29.Bd3 Rd2
30.Be4 Kb6 31.Ke1 Rd4 32.Bf3 Nc5 33.Nf2 Rf4 34.Rd1 Rxf5 35.Rd6 Rf6 36.Rxf6 gxf6
37.Kd2 Na4 38.Nd1 c5 39.Bd5 c4 40.Bxf7 Kc5 41.Kc1 Kd4 42.Be8 Kc5 43.Nf2 Kd4
44.Bxb5 Nb6 45.Kd2 Nd5 46.Bc6 Ne3 47.Ke2 f5 48.g3 h6 49.Bf3 Nc2 50.Nd1 Kc5
51.Kd2 Kd4 52.Nc3 Ke5 53.Ne2 Nb4 54.Kc3 Nd3 55.Bb7 Nc5 56.Bc6 Nd3 57.Bb5 Nf2
58.Kxc4 Ng4 59.h3 Nf2 60.h4 Ke4 61.Kxb3 Nd1 62.Nc3+ Nxc3 63.Kxc3 Kf3 64.Bd7 Kxg3
65.Bxf5 Kxh4 66.Kd4  1-0

[Event "TCh-SVK Extraliga 2010-11"]
[Site "Slovakia SVK"]
[Date "2011.05.07"]
[Round "10"]
[White "Petrik,T"]
[Black "Mazur,Ste"]
[Result "1-0"]
[WhiteElo "2536"]
[BlackElo "2388"]

1.Nf3 d5 2.d4 Nf6 3.c4 c6 4.Nc3 e6 5.e3 Nbd7 6.Qc2 Bd6 7.Bd3 O-O 8.O-O dxc4
9.Bxc4 a6 10.a4 c5 11.Rd1 Qc7 12.dxc5 Bxc5 13.b3 b6 14.Bb2 Bb7 15.h3 Bxf3
16.gxf3 Ne5 17.Be2 Bb4 18.Rac1 Rac8 19.Qb1 Qb7 20.Ne4 Rxc1 21.Rxc1 Nfd7 22.Qc2 f5
23.Ng5 Re8 24.f4 h6 25.Nxe6 Rxe6 26.Qc8+ Qxc8 27.Rxc8+ Kh7 28.fxe5 Nxe5 29.Bxa6 Nf3+
30.Kg2 Nd2 31.Bd3 Rg6+ 32.Kh1 Ne4 33.Bxe4 fxe4 34.Re8 Be1 35.Rxe4 Bxf2 36.Bd4 Be1
37.Rg4 Ba5 38.Rxg6 Kxg6 39.b4 Bxb4 40.Bxb6  1-0

[Event "ch-Euro Indiv Women"]
[Site "Tbilisi GEO"]
[Date "2011.05.07"]
[Round "1"]
[White "Ozturk,Ku"]
[Black "Stefanova,A"]
[Result "0-1"]
[WhiteElo "2262"]
[BlackElo "2506"]

1.d4 d5 2.c4 c6 3.Nf3 Nf6 4.Nc3 e6 5.e3 a6 6.b3 Bb4 7.Bd2 Nbd7 8.Bd3 O-O
9.Qc2 Qe7 10.O-O dxc4 11.bxc4 e5 12.Ne4 Bxd2 13.Nxf6+ Qxf6 14.Qxd2 exd4 15.exd4 Rd8
16.Qe3 Nf8 17.h3 Bf5 18.Rfd1 Ne6 19.Bxf5 Qxf5 20.Ne5 Re8 21.Rab1 f6 22.g4 Qc2
23.Rdc1 Qxa2 24.Nd3 Qa5 25.Re1 Rab8 26.Qe4 Qd8 27.d5 Nc7 28.Qf4 Rxe1+ 29.Nxe1 cxd5
30.cxd5 Nb5 31.Qf5 Qd6 32.Rc1 Rd8 33.Rc8 Nc7 34.Nd3 Nxd5 35.Nc5 Rxc8 36.Qxc8+ Kf7
37.Qxb7+ Kg6 38.Nxa6 Nf4 39.Qe4+ Kh6 40.Qe3 g5 41.Nc5 Qd1+ 42.Kh2 Ne2 43.f3 Qd6+
44.Kh1 Nf4 45.Ne4 Qd1+ 46.Kh2 Qf1 47.Qf2 Qxh3+ 48.Kg1 f5 49.gxf5 Qxf5 50.Qb6+ Ng6
51.Kg2 Qe5 52.Qf6 Qxf6 53.Nxf6 Nf4+ 54.Kh2 Kg6 55.Ne4 h5 56.Kg3 Kf5 57.Nd6+ Ke5
58.Ne4 Kf5 59.Nd6+ Kg6 60.Ne4 Ne6 61.Nd6 Nd4 62.Ne4 Kf5 63.Nd6+ Kf6 64.Ne4+ Kg6
65.Kg2 h4 66.Nf2 Kf5 67.Nd3 Ne6 68.Kf2 Nf4 69.Nc5 Ke5 70.Nd7+ Kd4 71.Nf6 Kd3
72.Nh7 Ne6 73.Nf6 Kd4 74.Ke2 Ke5 75.Ng4+ Kf4 76.Kf2 Nd4 77.Ne3 Nxf3 78.Nd5+ Ke5
79.Ne7 Ke4 80.Kg2 g4 81.Ng6 Kf5 82.Ne7+ Kg5 83.Nd5 Nd4  0-1

[Event "TCh-POL Ekstraliga"]
[Site "Wroclaw POL"]
[Date "2011.05.07"]
[Round "2.4"]
[White "Wojtaszek,R"]
[Black "Czarnota,P"]
[Result "1/2-1/2"]
[WhiteElo "2721"]
[BlackElo "2538"]

1.d4 d5 2.c4 c6 3.Nf3 Nf6 4.Nc3 e6 5.e3 Nbd7 6.Qc2 Bd6 7.Bd3 O-O 8.O-O dxc4
9.Bxc4 b5 10.Bd3 Bb7 11.a3 Qe7 12.e4 e5 13.Bg5 h6 14.Bh4 Rfe8 15.Rad1 Rad8
16.Be2 a6 17.dxe5 Nxe5 18.Nd4 Bb8 19.Nf5 Qe6 20.Rxd8 Rxd8 21.Rd1 Rxd1+ 22.Qxd1 Ned7
23.f3 Bc7 24.Bf2 c5 25.a4 b4 26.Nb1 g6 27.Ne3 Qe5 28.Bg3 Qg5 29.Bxc7 Qxe3+
30.Kf1 Bxe4 31.fxe4 Nxe4 32.Bg3 Nxg3+ 33.hxg3 Ne5 34.Nd2 Qxg3 35.b3 Qf4+
36.Kg1 Qd4+ 37.Kf1 Qf4+ 38.Kg1 Qd4+ 39.Kf1  1/2-1/2

[Event "29th Metz Open A"]
[Site "Longeville-les-Metz FRA"]
[Date "2011.05.08"]
[Round "9.4"]
[White "Malakhatko,V"]
[Black "Michiels,B"]
[Result "1/2-1/2"]
[WhiteElo "2546"]
[BlackElo "2484"]

1.d4 d5 2.c4 c6 3.Nc3 Nf6 4.e3 e6 5.Nf3 Nbd7 6.Qc2 Bd6 7.Bd3 O-O 8.O-O h6
9.Rd1 Qe7 10.c5 Bc7 11.e4 dxe4 12.Nxe4 Nxe4 13.Bxe4 e5 14.Re1 Nf6 15.Bd3 e4
16.Bxe4 Nxe4 17.Qxe4 Qxe4 18.Rxe4 Bf5 19.Re7 Rac8 20.d5 cxd5 21.Nd4 Bg6 22.Bd2 Rfe8
23.Rae1 Kf8 24.Rxe8+ Rxe8 25.c6 Rxe1+ 26.Bxe1 bxc6 27.Nxc6 Bb1 28.a3 Bb6
29.Ba5 Bxa5 30.Nxa5 Ke7 31.Kf1 Kd6 32.Ke2 d4 33.Nb3 Kd5 34.Kd2 Be4 35.f3 Bf5
36.Nc1 Kc4 37.b3+ Kd5 38.Nd3 Bd7 39.Nf4+ Ke5 40.Nd3+ Kd5 41.Nf4+  1/2-1/2

[Event "ch-Asian Individual w"]
[Site "Mashhad IRI"]
[Date "2011.05.08"]
[Round "7.7"]
[White "Nguyen Thi Thanh An"]
[Black "Soumya,Sw"]
[Result "1-0"]
[WhiteElo "2349"]
[BlackElo "2368"]

1.Nf3 Nf6 2.c4 c6 3.Nc3 d5 4.e3 e6 5.d4 Nbd7 6.Bd3 Bd6 7.O-O O-O 8.e4 dxc4
9.Bxc4 e5 10.Be3 Qe7 11.Bb3 b5 12.a3 a6 13.h3 Bb8 14.Re1 Bb7 15.Qc2 Nh5 16.Rad1 exd4
17.Nxd4 g6 18.Qd2 Nc5 19.Ba2 a5 20.Nf3 b4 21.Bxc5 Qxc5 22.Na4 Qb5 23.Qc2 Bc8
24.Nc5 Ra7 25.e5 Bf5 26.Qc1 Ng7 27.Nd4 Qb6 28.Nxf5 Nxf5 29.Nd7 Rxd7 30.Rxd7 b3
31.Bb1 Nd4 32.Bd3 c5 33.Bc4 Ne6 34.Qe3 Qc6 35.Rd5 a4 36.Qe4 Re8 37.f4 Qb6
38.Rd7 Qa5 39.Red1  1-0

[Event "ch-Asian Individual w"]
[Site "Mashhad IRI"]
[Date "2011.05.08"]
[Round "7.8"]
[White "Khademalsharieh,S"]
[Black "Muminova,N"]
[Result "1-0"]
[WhiteElo "2137"]
[BlackElo "2357"]

1.d4 d5 2.c4 e6 3.Nc3 c6 4.e3 Nf6 5.Nf3 Nbd7 6.Qc2 Bd6 7.Be2 O-O 8.O-O Qe7
9.e4 dxe4 10.Nxe4 Nxe4 11.Qxe4 Nf6 12.Qh4 c5 13.Bd3 cxd4 14.Bg5 h6 15.Bxh6 gxh6
16.Qxh6 Ne4 17.Bxe4 f5 18.Bc2 Rf7 19.g3 Rh7 20.Qd2 Bd7 21.Nxd4 Be5 22.Rfe1 Qf6
23.Rad1 Bc7 24.Nf3 Rg7 25.Qd4 Qf8 26.Ne5 Be8 27.c5 Bh5 28.Nd7 e5 29.Bb3+ Rf7
30.Qh4  1-0

[Event "41st Bosna Open"]
[Site "Sarajevo BIH"]
[Date "2011.05.08"]
[Round "5.12"]
[White "Erdos,V"]
[Black "Berczes,D"]
[Result "1/2-1/2"]
[WhiteElo "2609"]
[BlackElo "2531"]

1.d4 d5 2.c4 e6 3.Nf3 c6 4.e3 Nf6 5.Nc3 Nbd7 6.Qc2 Bd6 7.b3 O-O 8.Be2 b6
9.O-O Bb7 10.Bb2 Qe7 11.Rad1 Rad8 12.Rfe1 Rfe8 13.e4 Nxe4 14.Nxe4 dxe4 15.Qxe4 Bb4
16.Rf1 Bd6 17.Rfe1 Bb4 18.Rf1 Bd6 19.Rfe1 Bb4  1/2-1/2

[Event "41st Bosna Open"]
[Site "Sarajevo BIH"]
[Date "2011.05.08"]
[Round "5.18"]
[White "Prohaszka,P2"]
[Black "Jakovljevic,Vlado"]
[Result "1/2-1/2"]
[WhiteElo "2547"]
[BlackElo "2390"]

1.d4 d5 2.c4 c6 3.Nc3 Nf6 4.e3 e6 5.Nf3 a6 6.b3 Bb4 7.Bd2 Bd6 8.Bd3 c5 9.O-O O-O
10.Rc1 Nc6 11.dxc5 Bxc5 12.cxd5 exd5 13.Nb5 Ne4 14.Nbd4 Bxd4 15.Nxd4 Nxd4
16.exd4 Bf5 17.Bb4 Re8 18.f3 Nd6 19.Bxd6 Bxd3 20.Bc7 Be2 21.Bxd8 Bxd1 22.Rfxd1 Raxd8
23.Kf2 Rd7 24.Re1 Kf8 25.h4 Rxe1 26.Kxe1 Ke7 27.Kd2 Rd8 28.Rc7+ Rd7 29.Rc8 Rd8
30.Rc7+ Rd7 31.Rc1 Rd8 32.Re1+ Kd6 33.g4 f6 34.h5 Rc8 35.f4 Kd7 36.f5 h6
37.Re6 Rc6 38.Rxc6 Kxc6 39.Kc3 Kb5 40.a3 a5  1/2-1/2

[Event "41st Bosna Open"]
[Site "Sarajevo BIH"]
[Date "2011.05.08"]
[Round "5.14"]
[White "Dizdarevic,E"]
[Black "Georgiev,Ki"]
[Result "0-1"]
[WhiteElo "2493"]
[BlackElo "2656"]

1.Nf3 Nf6 2.c4 e6 3.Nc3 d5 4.d4 c6 5.e3 Nbd7 6.Bd3 dxc4 7.Bxc4 b5 8.Be2 Bb7
9.O-O Be7 10.b3 O-O 11.Bb2 a6 12.Rc1 c5 13.a4 b4 14.Nb1 Rc8 15.Nbd2 Rc7 16.Qc2 Qa8
17.Qb1 Rfc8 18.Rfd1 cxd4 19.Bxd4 Nd5 20.Nc4 Bf6 21.Nd6 Rxc1 22.Rxc1 Rxc1+
23.Qxc1 Nc3 24.Bxc3 bxc3 25.Nxb7 Qxb7 26.Qc2 Nc5 27.Bd1 Qb4 28.Ne1 Ne4 29.g3 g6
30.Nd3 Qd6 31.b4 Nd2 32.Be2 Qb6 33.h4 h5 34.Nc1 Qxb4 35.Bxa6 Kg7 36.Be2 Qb2
37.Bd1 Nc4 38.Nd3 Na3  0-1

[Event "ch-Euro Indiv Women"]
[Site "Tbilisi GEO"]
[Date "2011.05.08"]
[Round "2"]
[White "Romanko,M"]
[Black "Alexanian,N"]
[Result "1-0"]
[WhiteElo "2387"]
[BlackElo "2141"]

1.c4 d5 2.d4 e6 3.Nc3 c6 4.Nf3 Nf6 5.e3 Nbd7 6.Bd3 dxc4 7.Bxc4 b5 8.Bd3 Bd6
9.Qc2 Bb7 10.O-O O-O 11.a3 a5 12.e4 e5 13.dxe5 Nxe5 14.Nxe5 Bxe5 15.h3 Nh5
16.Ne2 Re8 17.Kh1 Qh4 18.f4 Bd6 19.e5 c5 20.Kg1 Bb8 21.Bxb5 Re6 22.Bd3 Ba7
23.Bxh7+ Kh8 24.Be4 Rg6 25.Bxg6 Ng3 26.Nxg3 Qxg3 27.Be4  1-0

[Event "ch-Euro Indiv Women"]
[Site "Tbilisi GEO"]
[Date "2011.05.08"]
[Round "2"]
[White "Savina,A"]
[Black "Ziaziulkina,N"]
[Result "1/2-1/2"]
[WhiteElo "2389"]
[BlackElo "2291"]

1.d4 d5 2.c4 c6 3.Nc3 Nf6 4.e3 e6 5.Nf3 Nbd7 6.Qc2 Bd6 7.Bd3 O-O 8.O-O dxc4
9.Bxc4 b5 10.Bd3 Bb7 11.a3 a5 12.Ng5 h6 13.Nge4 Nxe4 14.Nxe4 Be7 15.Bd2 c5
16.Bxb5 cxd4 17.exd4 Rc8 18.Qd3 Nf6 19.Nxf6+ Bxf6 20.Bc3 Qd5 21.f3 Rfd8 22.Rad1 Rd6
23.Kh1 a4 24.Bb4 Rdd8 25.Bxa4 Qxd4 26.Qb5 Qa7 27.Rxd8+ Rxd8 28.Bc5 Qa8 29.Rd1 Rc8
30.Bc2 Bxf3 31.gxf3 Qxf3+ 32.Kg1 Qg4+ 33.Kh1 Qf3+ 34.Kg1 Qg4+  1/2-1/2

[Event "ch-Euro Indiv Women"]
[Site "Tbilisi GEO"]
[Date "2011.05.09"]
[Round "3"]
[White "Ozturk,Ku"]
[Black "Rogule,L"]
[Result "0-1"]
[WhiteElo "2262"]
[BlackElo "2362"]

1.d4 Nf6 2.c4 e6 3.Nf3 d5 4.Nc3 c6 5.e3 Nbd7 6.Qc2 Bd6 7.a3 O-O 8.e4 dxe4
9.Nxe4 Nxe4 10.Qxe4 e5 11.dxe5 Nxe5 12.Nxe5 Re8 13.f4 f6 14.Bd3 g6 15.O-O fxe5
16.Qf3 exf4 17.Kh1 Rf8 18.Bd2 Qg5 19.c5 Bg4 20.Bc4+ Kg7 21.Qb3 Be5 22.Qxb7+ Kh6
23.Qxc6 Rad8 24.Bc1 Rd4 25.Ba6 Rfd8 26.h3 Bf5 27.Qf3 Qh4 28.Bb7 g5 29.Qc6+ Kg7
30.Qf3 Rd3 31.Qe2 Rxh3+ 32.gxh3 Qxh3+ 33.Kg1 Bd4+ 34.Rf2 Bxf2+ 35.Kxf2 Qg3+
36.Kf1 Bh3+  0-1

[Event "ch-Euro Indiv Women"]
[Site "Tbilisi GEO"]
[Date "2011.05.09"]
[Round "3"]
[White "Khotenashvili,B"]
[Black "Romanko,M"]
[Result "1-0"]
[WhiteElo "2470"]
[BlackElo "2387"]

1.d4 d5 2.c4 c6 3.e3 Nf6 4.Nc3 e6 5.Nf3 Nbd7 6.Qc2 b6 7.Bd3 Bb7 8.O-O Be7
9.b3 O-O 10.Bb2 h6 11.Qe2 Qc7 12.Rac1 Rac8 13.Ne5 dxc4 14.Nxc4 c5 15.e4 cxd4
16.Nb5 Qb8 17.e5 Ne8 18.Nxd4 Qa8 19.f3 Bc5 20.Kh1 Bd5 21.Bb1 Qb8 22.Ne3 Bb7
23.Ng4 Bd5 24.Qd3 f5 25.exf6 Ndxf6 26.Qg6 Qf4 27.Ne2 Qd2 28.Rc2 Qg5 29.Qxg5 hxg5
30.Ne5 Nd6 31.Ng3 Nf7 32.Nd3 Bd6 33.Rxc8 Rxc8 34.Rd1 Rc7 35.Ne2 Be7 36.Ne5 Nxe5
37.Bxe5 Rc8 38.h3 Nd7 39.Bd4 Bf6 40.Kh2 Kf7 41.Kg3 a5 42.Be3 Ke7 43.Rc1 Rxc1
44.Nxc1 b5 45.Nd3 Kd6 46.Bc2 b4 47.Kg4 e5 48.Nf2 a4 49.Bd2 Kc5 50.Nd3+ Kd4
51.Nxb4 axb3 52.axb3 Be6+ 53.Bf5 Bxf5+ 54.Kxf5 Nc5 55.Bxg5 Bxg5 56.Kxg5 Nxb3
57.Nc6+ Kd5 58.Ne7+ Ke6 59.Nf5 Kf7 60.Nd6+ Ke6 61.Ne4 Kf7 62.Kf5 Nc1 63.Ng5+ Kg8
64.Kxe5 Nd3+ 65.Kf5 Nc5 66.h4 Nd7 67.h5 Nf8 68.g4 Kh8 69.f4 Kg8 70.Ne6 Nd7
71.Kg6 Nf6 72.h6 Nxg4 73.Nxg7 Kh8 74.Ne6 Kg8 75.Ng5  1-0

[Event "ch-Euro Indiv Women"]
[Site "Tbilisi GEO"]
[Date "2011.05.09"]
[Round "3"]
[White "Kazimova,N"]
[Black "Sharevich,A"]
[Result "1-0"]
[WhiteElo "2262"]
[BlackElo "2378"]

1.d4 d5 2.c4 e6 3.Nc3 Nf6 4.Nf3 c6 5.e3 Nbd7 6.Qc2 Bd6 7.g4 h6 8.Rg1 Qe7
9.h4 g6 10.Bd2 dxc4 11.Bxc4 Nb6 12.Be2 Bd7 13.e4 Bc7 14.Qc1 Ng8 15.a3 e5
16.dxe5 Be6 17.Nd1 Nd7 18.Bb4 c5 19.Bc3 O-O-O 20.Ne3 Nb6 21.Qc2 Qe8 22.a4 a6
23.a5 Nd7 24.Rd1 Ne7 25.Nd5 Nc6 26.Nxc7 Kxc7 27.b4 Qe7 28.b5 axb5 29.Bxb5 Ndb8
30.Rb1 Qd7 31.Be2 Na6 32.Bd2 Bxg4 33.e6 Qxe6 34.Bf4+ Kc8 35.Bxa6 bxa6 36.Rxg4 Qxg4
37.Qxc5 Qe6 38.Ne5 g5 39.Rb8+ Kxb8 40.Nxc6+ Kc8 41.Nd4+ Kd7 42.Qc7+ Ke8 43.Nxe6 fxe6
44.Bd6  1-0

[Event "ch-UKR semi-final"]
[Site "Alushta UKR"]
[Date "2011.05.10"]
[Round "8.37"]
[White "Molchanov,Alexe"]
[Black "Romanchuk,V"]
[Result "1-0"]
[WhiteElo "2195"]
[BlackElo "2314"]

1.c4 c6 2.Nf3 d5 3.d4 Nf6 4.Nc3 e6 5.e3 Nbd7 6.Bd3 dxc4 7.Bxc4 b5 8.Bd3 a6
9.O-O c5 10.a3 Bb7 11.Qe2 Be7 12.Rd1 Qb6 13.Bc2 Rc8 14.e4 cxd4 15.Nxd4 Ne5
16.Bf4 Nfd7 17.a4 b4 18.a5 Qc7 19.Ba4 Rd8 20.Qh5 O-O 21.Bxd7 Bd6 22.Ncb5 axb5
23.Nxb5 Qxd7 24.Nxd6 Ng6 25.Nxb7 Qxb7 26.Bd6 Rfe8 27.Qf3 e5 28.a6 Qb6 29.a7 Ra8
30.Bb8 Ne7 31.Rac1 Nc8 32.Rd7 Qe6 33.Rcc7 Rf8 34.Rxf7 Rxf7 35.Qxf7+ Qxf7
36.Rxc8+ Qf8 37.Rxf8+ Kxf8 38.Kf1  1-0

[Event "ch-CAN"]
[Site "Guelph CAN"]
[Date "2011.05.10"]
[Round "7"]
[White "Panjwani,R"]
[Black "Jung,HansR"]
[Result "1-0"]
[WhiteElo "2413"]
[BlackElo "2139"]

1.d4 d5 2.c4 e6 3.Nf3 Nf6 4.Nc3 c6 5.e3 Bd6 6.Bd3 Nbd7 7.O-O O-O 8.e4 dxe4
9.Nxe4 Nxe4 10.Bxe4 h6 11.Bc2 e5 12.Re1 exd4 13.Qxd4 Bc5 14.Qc3 Qb6 15.Be3 Bxe3
16.Rxe3 Nf6 17.c5 Qc7 18.Bb3 Bf5 19.Rae1 Rae8 20.Rxe8 Rxe8 21.Rxe8+ Nxe8
22.Ne5 Be6 23.Bxe6 fxe6 24.Nc4 Qd7 25.h3 Qd5 26.Na5 Qxa2 27.Nxb7 Nf6 28.Qd4 Qd5
29.Qxd5 cxd5 30.Nd8 e5 31.Nc6 Nd7 32.b4 a6 33.Ne7+ Kf7 34.Nxd5 Nb8 35.Kf1 Ke6
36.c6 Nxc6 37.Nc7+ Kd6 38.Nxa6 Nd4 39.Ke1 Kc6 40.Kd2 Kb5 41.Nc5 Kxb4 42.Nd3+ Kc4
43.Nxe5+ Kd5 44.Nd3 Ke4 45.Nc1 g5 46.Ne2 Nb3+ 47.Kc3 Nc5 48.Ng3+ Ke5 49.Kd2 Kf4
50.Ke2 Ne6 51.Nh5+ Ke4 52.f3+ Kd4 53.Kf2 Kd3 54.Kg3 Kd4 55.Kg4 Ke5 56.h4  1-0

[Event "41st Bosna Open"]
[Site "Sarajevo BIH"]
[Date "2011.05.10"]
[Round "7.19"]
[White "Grandelius,N"]
[Black "Spasenovic,Z"]
[Result "1-0"]
[WhiteElo "2541"]
[BlackElo "2131"]

1.d4 d5 2.c4 c6 3.Nc3 Nf6 4.e3 e6 5.Nf3 Bd6 6.Bd3 Nbd7 7.e4 dxe4 8.Nxe4 Nxe4
9.Bxe4 Bb4+ 10.Bd2 Bxd2+ 11.Qxd2 c5 12.O-O-O Nf6 13.dxc5 Qxd2+ 14.Nxd2 Rb8
15.Bf3 O-O 16.Rhe1 a5 17.Nb3 Ra8 18.Nd4 Rb8 19.c6 Ne8 20.Re5 b6 21.Nb5 Ba6
22.Rd7 Rc8 23.b3 Ra8 24.Nc3 Nf6 25.Re7 Rfc8 26.Na4 Re8 27.Rxe8+  1-0

[Event "41st Bosna Open"]
[Site "Sarajevo BIH"]
[Date "2011.05.10"]
[Round "7.29"]
[White "Jakovljevic,Vlado"]
[Black "Alihodzic,M"]
[Result "1-0"]
[WhiteElo "2390"]
[BlackElo "2109"]

1.Nf3 c6 2.d4 d5 3.c4 Nf6 4.Nc3 e6 5.e3 Bd6 6.Bd3 O-O 7.O-O Nbd7 8.e4 dxc4
9.Bxc4 e5 10.Bg5 h6 11.Bh4 b5 12.Bb3 a6 13.Bg3 Qe7 14.Nh4 Rd8 15.Nf5 Qf8
16.Nxd6 Qxd6 17.dxe5 Qxd1 18.Raxd1 b4 19.exf6 bxc3 20.bxc3 Re8 21.fxg7 Nc5
22.Rd6 Kxg7 23.Bc2 Nxe4 24.Rxc6 Bf5 25.Bf4 Rec8 26.Bxh6+ Kg8 27.Rxc8+ Rxc8
28.Re1 Nd6 29.Bb3 Rxc3 30.Rc1 Rd3 31.Rd1 Nb5 32.Rxd3 Bxd3 33.Be3 Nc3 34.f3 Bb1
35.a3 a5 36.Bc4 Bc2 37.Bd4 Nb1 38.Bb2 a4 39.Kf2 Nd2 40.Be2 Bb3 41.Bc1 Nc4
42.g4 Kg7 43.h4 Kg6 44.h5+ Kg7 45.Kg3 f6 46.Kf4 Nb6 47.Ke4 Nd7 48.Bb2 Bc2+
49.Ke3 Kh6 50.f4 f5 51.g5+ Kh7 52.Bd4 Nf8 53.Bc4  1-0

[Event "41st Bosna Open"]
[Site "Sarajevo BIH"]
[Date "2011.05.10"]
[Round "7.22"]
[White "Esen,B"]
[Black "Konjicanin,M"]
[Result "1-0"]
[WhiteElo "2553"]
[BlackElo "2261"]

1.d4 d5 2.c4 c6 3.Nf3 Nf6 4.Nc3 e6 5.e3 Nbd7 6.Qc2 Bd6 7.Bd3 dxc4 8.Bxc4 b5
9.Be2 Bb7 10.O-O O-O 11.Rd1 a6 12.e4 Be7 13.e5 Nd5 14.Nxd5 cxd5 15.Bd3 h6
16.Bf4 Qa5 17.Qe2 Rac8 18.h4 f5 19.exf6 Rxf6 20.Bg3 Qb6 21.Nh2 Nf8 22.Ng4 Rf7
23.Ne5 Rf6 24.Qh5 Bc6 25.Ng4 Be8 26.Nxf6+ Bxf6 27.Qe2 Bxd4 28.Rac1 Rc5 29.Be5 Rxc1
30.Rxc1 Bf7 31.Rc8 b4 32.Qc2 g6 33.Bxd4 Qxd4 34.Bxg6 Qxh4 35.Qc5  1-0

[Event "ch-Euro Indiv Women"]
[Site "Tbilisi GEO"]
[Date "2011.05.10"]
[Round "4"]
[White "Bokuchava,M"]
[Black "Aginian,N"]
[Result "1/2-1/2"]
[WhiteElo "2115"]
[BlackElo "2284"]

1.d4 d5 2.c4 c6 3.Nf3 Nf6 4.e3 e6 5.Nc3 Nbd7 6.Qc2 b6 7.cxd5 exd5 8.Bd3 Bb7
9.O-O Be7 10.e4 dxe4 11.Nxe4 O-O 12.Ne5 c5 13.Nxd7 Qxd7 14.Nxf6+ Bxf6 15.dxc5 Bxg2
16.Kxg2 Qg4+ 17.Kh1 Qf3+ 18.Kg1 Qg4+ 19.Kh1  1/2-1/2

[Event "ch-Euro Indiv Women"]
[Site "Tbilisi GEO"]
[Date "2011.05.10"]
[Round "4"]
[White "Khotenashvili,B"]
[Black "Danielian,E"]
[Result "1/2-1/2"]
[WhiteElo "2470"]
[BlackElo "2506"]

1.d4 d5 2.c4 c6 3.e3 Nf6 4.Nc3 e6 5.Nf3 Nbd7 6.Qc2 Bd6 7.g4 h6 8.Rg1 dxc4
9.Bxc4 b5 10.Bd3 Bb7 11.e4 e5 12.Be3 Qc7 13.a4 a6 14.h4 g6 15.dxe5 Nxe5 16.Nxe5 Bxe5
17.Ne2 Bh2 18.Bd4 Be5 19.Be3 Bh2 20.Bd4 Be5 21.Be3 Bh2  1/2-1/2

[Event "ch-UKR semi-final"]
[Site "Alushta UKR"]
[Date "2011.05.11"]
[Round "9.44"]
[White "Afanasjev,An"]
[Black "Romanchuk,V"]
[Result "0-1"]
[WhiteElo "2008"]
[BlackElo "2314"]

1.d4 d5 2.c4 c6 3.Nf3 Nf6 4.Nc3 e6 5.e3 Nbd7 6.Bd3 dxc4 7.Bxc4 b5 8.Bd3 a6
9.O-O c5 10.e4 cxd4 11.Nxd4 Bb7 12.Bg5 Be7 13.Re1 Ne5 14.Bc2 Rc8 15.a3 O-O
16.Nde2 Qc7 17.Qb1 Nfg4 18.Bxe7 Nf3+  0-1

[Event "46th Capablanca Memorial Open B"]
[Site "Havana CUB"]
[Date "2011.05.11"]
[Round "1.2"]
[White "Montilla,J"]
[Black "Hernandez,Rodn"]
[Result "0-1"]
[WhiteElo "1986"]
[BlackElo "2282"]

1.d4 Nf6 2.c4 e6 3.Nf3 d5 4.Nc3 c6 5.e3 Nbd7 6.Bd3 dxc4 7.Bxc4 b5 8.Bd3 Bb7
9.O-O a6 10.e4 c5 11.d5 c4 12.Bc2 Qc7 13.dxe6 fxe6 14.Qe2 Bd6 15.Rd1 O-O
16.Bg5 Bc5 17.h3 Rae8 18.Bh4 g6 19.b3 Bb4 20.Nb1 Nh5 21.bxc4 Ne5 22.Nxe5 Qxe5
23.Nd2 Nf4 24.Qf1 Qh5 25.Nf3 Nxh3+ 26.gxh3 Rxf3 27.Bg3 Ref8 28.Rd3 Bxe4 29.Rxf3 Bxf3
30.cxb5 axb5 31.Rb1 Be2 32.Qg2 Bc5 33.Bb3 Bc4 34.Bxc4 bxc4 35.Qe4 Qd5 36.Re1 c3
37.Qc2 Qf3 38.Bh4 g5 39.Re5 Rf5 40.Rxf5 Qxf5 41.Qxf5 exf5 42.Bxg5 Ba3 43.Kg2 c2
44.Kf3 Kf7 45.Bd2 Ke6 46.Kg3 c1=Q  0-1

[Event "9th Somov Mem"]
[Site "Kirishi RUS"]
[Date "2011.05.11"]
[Round "5"]
[White "Goganov,A"]
[Black "Bajarani,U"]
[Result "1-0"]
[WhiteElo "2480"]
[BlackElo "2437"]

1.d4 d5 2.c4 c6 3.Nc3 Nf6 4.e3 e6 5.Nf3 Nbd7 6.Qc2 Bd6 7.Bd3 O-O 8.O-O dxc4
9.Bxc4 a6 10.Rd1 b5 11.Bd3 Bb7 12.e4 e5 13.dxe5 Nxe5 14.Nxe5 Bxe5 15.Bxb5 Qc7
16.Be2 Bxh2+ 17.Kh1 Be5 18.Bf3 Rfe8 19.Bg5 Bxc3 20.bxc3 Nd7 21.g3 c5 22.Bf4 Qc8
23.Bg2 Nf6 24.f3 Nh5 25.Bd6 Qc6 26.g4 Nf6 27.Bh2 Rad8 28.Rxd8 Rxd8 29.Rd1 Rxd1+
30.Qxd1 h6 31.Qd8+ Kh7 32.Qe7 Kg8 33.Bg1 c4 34.Bd4 Ne8 35.Bc5 Nc7 36.Qf8+ Kh7
37.Qd6 Qxd6 38.Bxd6 Nb5 39.Bb4 Bc8 40.Kh2 g5 41.Kg3 Kg6 42.f4 gxf4+ 43.Kxf4 Be6
44.Ba5 Na3 45.e5 Bc8 46.Be4+ Kg7 47.Bd5 Nb5 48.a4 Na3 49.Be4  1-0

[Event "41st Bosna Open"]
[Site "Sarajevo BIH"]
[Date "2011.05.11"]
[Round "8.15"]
[White "Trkulja,G"]
[Black "Esen,B"]
[Result "1-0"]
[WhiteElo "2379"]
[BlackElo "2553"]

1.d4 d5 2.c4 c6 3.Nc3 Nf6 4.e3 e6 5.Nf3 Nbd7 6.Qc2 Bd6 7.g4 h6 8.Rg1 dxc4
9.Bxc4 b5 10.Bb3 Bb7 11.g5 hxg5 12.Nxg5 Qe7 13.f4 b4 14.Na4 c5 15.dxc5 Nxc5
16.Nxc5 Bxc5 17.f5 exf5 18.Bxf7+ Kf8 19.Qxf5 Bc8 20.Qg6 Nh5 21.Rf1 Bxe3 22.Be6+ Nf6
23.Bxe3 Bxe6 24.Bc5  1-0

[Event "41st Bosna Open"]
[Site "Sarajevo BIH"]
[Date "2011.05.11"]
[Round "8.24"]
[White "Mrndjic,M"]
[Black "Nezad,H"]
[Result "1-0"]
[WhiteElo "2182"]
[BlackElo "2433"]

1.d4 d5 2.c4 e6 3.Nc3 c6 4.e3 Nf6 5.Nf3 Nbd7 6.b3 Bd6 7.Bb2 O-O 8.Qc2 e5
9.dxe5 Nxe5 10.Be2 dxc4 11.bxc4 Qe7 12.Nd4 Re8 13.h3 Be6 14.Nxe6 Qxe6 15.Rd1 Bf8
16.Qb3 Nfd7 17.Rd4 Bc5 18.Rd2 Bb6 19.O-O Nc5 20.Qb4 Ned7 21.Rfd1 Nf6 22.Bf3 Na6
23.Qb3 Nc5 24.Qb4 Nfd7 25.Bg4 f5 26.Bh5 Rf8 27.Rd6 Qe7 28.Rxd7 Qxd7 29.Rxd7 Nxd7
30.Qe7 Nf6 31.Qe6+ Kh8 32.Ne2 Nxh5 33.g4 fxg4 34.hxg4 Nf6 35.g5 Rae8 36.Qh3 Ne4
37.Qd7  1-0

[Event "ch-Euro Indiv Women"]
[Site "Tbilisi GEO"]
[Date "2011.05.11"]
[Round "5"]
[White "Ushenina,A"]
[Black "Rogule,L"]
[Result "1-0"]
[WhiteElo "2468"]
[BlackElo "2362"]

1.d4 d5 2.c4 e6 3.Nf3 Nf6 4.Nc3 c6 5.e3 Nbd7 6.Bd3 Bd6 7.O-O O-O 8.e4 dxc4
9.Bxc4 e5 10.Bg5 Qe7 11.Re1 Rd8 12.d5 Nf8 13.dxc6 bxc6 14.Qa4 Bd7 15.Rad1 h6
16.Bh4 g5 17.Bg3 Ng6 18.Rd2 Nh5 19.Red1 Be8 20.a3 g4 21.Nh4 Nxh4 22.Bxh4 Qxh4
23.Rxd6 Rxd6 24.Rxd6 Qg5 25.g3 Nf6 26.Kg2 Kg7 27.Qc2 Nh7 28.Nd1 Rd8 29.Rxd8 Qxd8
30.Ne3 h5 31.Nf5+ Kf6 32.Be2 Ng5 33.f4 gxf3+ 34.Bxf3 Bd7 35.Qd2 Qc7 36.h4 Nxf3
37.Qh6+  1-0

[Event "41st Bosna Open"]
[Site "Sarajevo BIH"]
[Date "2011.05.12"]
[Round "9.8"]
[White "Berczes,D"]
[Black "Lenic,L"]
[Result "1/2-1/2"]
[WhiteElo "2531"]
[BlackElo "2637"]

1.d4 d5 2.c4 c6 3.Nc3 Nf6 4.e3 e6 5.Nf3 Nbd7 6.Qc2 Bd6 7.g4 h6 8.h3 e5 9.Bd2 O-O
10.g5 hxg5 11.O-O-O dxc4 12.Bxc4 exd4 13.exd4 Nb6 14.Bb3 Bf4 15.Rhg1 Qd6
16.Nxg5 Nbd5 17.Nce4 Bf5 18.Bxd5 Nxd5 19.Nxd6 Bxc2 20.Kxc2 Bxd6 21.Ne4 Rfd8
22.h4 f6 23.h5 Kf7 24.h6 g6 25.Rg4 Be7 26.Rdg1 Rg8 27.h7 Rg7 28.Bh6 Rxh7
29.Rxg6 Rah8 30.Rg7+ Ke6 31.Bd2 Rxg7 32.Rxg7 b6 33.Kd3 Rh2 34.Ke2 Rh1 35.Nc3 Nc7
36.Rg8 Bd6 37.Rg7 a5 38.Rg8 Bb4 39.Rg7 Bd6 40.Rg8 Rh4 41.Kd3 b5 42.Ne4 a4
43.Rd8 Be7 44.Nc5+ Kf5 45.Rc8 Bd6 46.Nb7 Ke6 47.Ba5 Rh3+ 48.Ke2 Rh7 49.Rd8 Bh2
50.Nc5+ Kf5 51.Rc8 Bd6 52.Nb7 Ke6 53.Rd8 Bh2 54.Nc5+ Kf5 55.Rc8  1/2-1/2